000 00592nam a2200157Ia 4500
008 081213s9999 xx 000 0 und d
050 _aBS2825.3
_b.K47 1957
100 _aKepler, Thomas S.
245 _aThe book of Revelation:
_ba commentary for laymen
260 _c1957
_aNew York
_bOxford University Press
300 _a232p. ;
_c21cm
500 _aIncludes index
650 _aBible.N.T.
_eRevelation
942 _cBK
_2lcc
999 _c32575
_d32575